[Event "Mem Stavros Psomiadis"]
[Site "Thessaloniki"]
[Date "2016.12.05"]
[Round "4.10"]
[White "Prezerakos, Dimitrios"]
[Black "Gadakis, Dimitrios"]
[Result "1-0"]
[WhiteElo "1998"]
[BlackElo "1125"]
[PlyCount "47"]
[EventDate "2016.11.14"]
[EventType "swiss"]
[EventRounds "6"]
[EventCountry "GRE"]
[SourceTitle "EXT 2024"]
[Source "ChessBase"]
[SourceDate "2023.10.10"]
[SourceVersion "1"]
[SourceVersionDate "2023.10.10"]
[SourceQuality "1"]

1. e4 d6 2. d4 Nf6 3. Nc3 g6 4. g3 Bg7 5. Bg2 c6 6. a4 a5 7. Nge2 b6 8. 0-0 0-0 9. e5 dxe5 10. dxe5 Ng4 11. f4 Ba6 12. h3 Nh6 13. Qxd8 Rxd8 14. Be3 Bxe2 15. Nxe2 Ra6 16. Rfd1 Rc8 17. Nd4 Nf5 18. Nxf5 gxf5 19. Ra3 Bf8 20. Rad3 Rc7 21. Rd8 Rb7 22. Rc8 b5 23. axb5 Rxb5 24. Rdd8 1-0

[Event "Mem Stavros Psomiadis"]
[Site "Thessaloniki"]
[Date "2016.11.14"]
[Round "1.8"]
[White "Gadakis, Dimitrios"]
[Black "Tsikerdanos, Konstantinos"]
[Result "0-1"]
[WhiteElo "1125"]
[BlackElo "1900"]
[PlyCount "60"]
[EventDate "2016.11.14"]
[EventType "swiss"]
[EventRounds "6"]
[EventCountry "GRE"]
[SourceTitle "EXT 2024"]
[Source "ChessBase"]
[SourceDate "2023.10.10"]
[SourceVersion "1"]
[SourceVersionDate "2023.10.10"]
[SourceQuality "1"]

1. d4 d5 2. Nf3 e6 3. Bf4 c5 4. e3 Nc6 5. c3 Bd7 6. Be2 Qb6 7. Qb3 c4 8. Qxb6 axb6 9. Nbd2 Nf6 10. h3 b5 11. 0-0 b4 12. Rfe1 Be7 13. Ne5 0-0 14. Nxc6 Bxc6 15. Bf3 bxc3 16. bxc3 Ra3 17. Nxc4 dxc4 18. Bxc6 bxc6 19. e4 Rxc3 20. f3 Rd3 21. Be5 Nd7 22. Rec1 Nxe5 23. dxe5 c3 24. a4 Bc5+ 25. Kf1 Rd2 26. a5 c2 27. a6 Rfd8 28. Ke1 Rxg2 29. a7 Bxa7 30. Rxa7 Rg1+ 0-1

[Event "Thessaloniki Aris op"]
[Site "Thessaloniki"]
[Date "2014.10.28"]
[Round "6.11"]
[White "Gadakis, Dimitrios"]
[Black "Ioannidis, Stefanos"]
[Result "1/2-1/2"]
[WhiteElo "1005"]
[BlackElo "1000"]
[PlyCount "108"]
[EventDate "2014.10.24"]
[EventType "swiss"]
[EventRounds "6"]
[EventCountry "GRE"]
[SourceTitle "EXT 2024"]
[Source "ChessBase"]
[SourceDate "2023.10.10"]
[SourceVersion "1"]
[SourceVersionDate "2023.10.10"]
[SourceQuality "1"]

1. e4 e5 2. Nc3 Nc6 3. Bc4 Bc5 4. Na4 Be7 5. Nc3 Nf6 6. d3 d6 7. a3 a6 8. b4 b5 9. Bb3 Bb7 10. Bb2 Nd4 11. Ba2 c5 12. Nge2 Nc6 13. Nd5 Nxd5 14. Bxd5 Qc7 15. c3 Nd8 16. Bb3 c4 17. dxc4 bxc4 18. Bc2 Bc6 19. 0-0 0-0 20. Ng3 g6 21. Qe2 Bd7 22. Rad1 Be6 23. a4 Nb7 24. a5 Rad8 25. Bc1 Bf6 26. Qf3 Bg7 27. Bg5 Rd7 28. Ba4 h6 29. Bxd7 Qxd7 30. Bf6 Bg4 31. Qe3 Bxd1 32. Bxg7 Kxg7 33. Rxd1 Qa4 34. Qd2 Qc6 35. Nf1 Qxe4 36. Qd5 Qxd5 37. Rxd5 Rc8 38. Ne3 h5 39. h4 Kf8 40. g4 hxg4 41. Nxg4 Kg7 42. f3 Rh8 43. Kg2 Rxh4 44. b5 axb5 45. Rxb5 Nc5 46. Rb6 Rh8 47. Rxd6 Ra8 48. Nxe5 Rxa5 49. Nxc4 Ra2+ 50. Rd2 Rxd2+ 51. Nxd2 Kf6 52. Ne4+ Nxe4 53. fxe4 Ke5 54. Kf3 f5 1/2-1/2

[Event "Thessaloniki Aris op"]
[Site "Thessaloniki"]
[Date "2014.10.25"]
[Round "3.10"]
[White "Gadakis, Dimitrios"]
[Black "Antoniadou, Paraskevi"]
[Result "0-1"]
[WhiteElo "1005"]
[BlackElo "1703"]
[PlyCount "74"]
[EventDate "2014.10.24"]
[EventType "swiss"]
[EventRounds "6"]
[EventCountry "GRE"]
[SourceTitle "EXT 2024"]
[Source "ChessBase"]
[SourceDate "2023.10.10"]
[SourceVersion "1"]
[SourceVersionDate "2023.10.10"]
[SourceQuality "1"]

1. e4 e5 2. Nc3 Nc6 3. Bc4 Nf6 4. d3 d6 5. Be3 Bd7 6. Nf3 h6 7. Qd2 Ng4 8. 0-0-0 Na5 9. h3 Nxe3 10. Qxe3 Nxc4 11. dxc4 c6 12. Nh2 Qa5 13. Rd3 Be7 14. Qg3 g6 15. Rhd1 0-0-0 16. Kb1 Be6 17. b3 Qb4 18. Ka1 Bg5 19. Nf1 Bf4 20. Qf3 f5 21. Nd2 g5 22. g4 fxg4 23. hxg4 Rhf8 24. Qh3 Rh8 25. Qh5 Qc5 26. Rf1 d5 27. Qg6 Bxg4 28. Na4 Qa5 29. Nf3 dxc4 30. Rxd8+ Rxd8 31. Nh4 Be2 32. Qe6+ Kb8 33. Rb1 cxb3 34. Qxb3 Bb5 35. Nc5 Bd2 36. a4 gxh4 37. Qf7 Qc3+ 0-1